All Che Songs (Albums & EPs only) - Statistics

General Stats
  • This quiz has been taken 38 times
  • The average score is 21 of 53
Answer Stats
Answer % Correct
?????
100%
sol
76%
frank ocean
72%
I Rot, I Rot.
66%
Sayso
66%
Get Naked
59%
sativa
59%
sos
59%
Children Shouldn't Play With Dead Things
55%
Cut Off Your Hands
55%
Japan
55%
Saska You Made It
55%
blac chyna
52%
bluberry bakwood
52%
fangs
52%
Interlude
52%
Tony Tony
52%
Been There, Done That
48%
Enjoy Your Life
48%
flat (bonus)
48%
Hex on My Chest, It's Going Down
48%
Pissy Coffee
48%
draco draco
45%
It's My Party and I'll Die If I Want To
45%
My Favorite Color is Red
41%
Nunca hacer cocaina
41%
Ok Den
41%
canary
38%
Don't Tell No1
38%
Pretend We're Sleeping
38%
School Girl Sashimi
38%
YDFWMNM?
38%
Hugo
34%
Badu
31%
Batman
31%
Call Me
31%
That’s My Type
31%
Busan
28%
Nine
28%
City
24%
007
21%
Intro
21%
Gah Damn
17%
Right Now
17%
Sip Mansion
17%
Exit (Interlude)
14%
Foreign
14%
Issy
14%
Can U Hear Me?
10%
Number
10%
YAK
10%
Deep Freestyle
7%
Klavier
7%
No matching quizzes found
Score Distribution
Percent of People with Each Score
Percentile by Number Answered
Your Score History
You have not taken this quiz